Крым : (Record no. 137493)
[ view plain ]
| 000 -LEADER | |
|---|---|
| fixed length control field | 00646nam a2200217 u 4500 |
| 001 - CONTROL NUMBER | |
| control field | 000359455 |
| 003 - CONTROL NUMBER IDENTIFIER | |
| control field | AM-YeHGA |
| 005 - DATE AND TIME OF LATEST TRANSACTION | |
| control field | 20250617131525.0 |
| 008 - FIXED-LENGTH DATA ELEMENTS--GENERAL INFORMATION | |
| fixed length control field | 040908s1984 ||| r 000 0 rus d |
| 040 ## - CATALOGING SOURCE | |
| Original cataloging agency | AM-YeHGA |
| 041 0# - LANGUAGE CODE | |
| Language code of text/sound track or separate title | rus |
| 090 ## - LOCALLY ASSIGNED LC-TYPE CALL NUMBER (OCLC); LOCAL CALL NUMBER (RLIN) | |
| -- | 138866 |
| 245 00 - TITLE STATEMENT | |
| Title | Крым : |
| Remainder of title | Фотоальбом / |
| Statement of responsibility, etc. | Г.П. Мирошник. |
| 246 15 - VARYING FORM OF TITLE | |
| Title proper/short title | Krim |
| 260 ## - PUBLICATION, DISTRIBUTION, ETC. | |
| Place of publication, distribution, etc. | Киев : |
| Name of publisher, distributor, etc. | Мистецтво, |
| Date of publication, distribution, etc. | 1984. |
| 300 ## - PHYSICAL DESCRIPTION | |
| Extent | 190 с. |
| Other physical details | цв. ил. |
| 500 ## - GENERAL NOTE | |
| General note | Авт. указан в конце кн. |
| 546 ## - LANGUAGE NOTE | |
| Language note | Текст. на рус. и нем. яз. |
| 653 0# - INDEX TERM--UNCONTROLLED | |
| Uncontrolled term | Крым |
| 700 1# - ADDED ENTRY--PERSONAL NAME | |
| Personal name | Мирошник, Георгий Павлович |
| Withdrawn status | Lost status | Damaged status | Not for loan | Collection | Home library | Current library | Date acquired | Total checkouts | Full call number | Barcode | Date last seen | Price effective from | Koha item type | Public note |
|---|---|---|---|---|---|---|---|---|---|---|---|---|---|---|
| General | Fundamental Scientific Library | Fundamental Scientific Library | 22/12/2016 | 308(477) | 110054617 | 22/12/2016 | 22/12/2016 | Գրքեր / Books | 30 Days Loan |
ՀՀ Գիտությունների ազգային ակադեմիայի հիմնարար գիտական գրադարան = Fundamental Scientific Library of NAS RA
All site content, except where otherwise noted, is licensed under a